[Event "42. Torneo Internacional de La Roda"]
[Site "La Roda ESP"]
[Date "2015.04.04"]
[Round "7.17"]
[White "Escudero Manzano, Sergio"]
[Black "Maier, Christian"]
[Result "0-1"]
[WhiteElo "2182"]
[BlackElo "2380"]
[PlyCount "114"]
[EventDate "2015.04.01"]
[EventType "swiss"]
[EventRounds "9"]
[EventCountry "ESP"]
[Source "lmi"]
[SourceDate "2015.04.01"]

1. e4 e6 2. d4 d5 3. Nd2 c5 4. Ngf3 Nc6 5. exd5 exd5 6. Bb5 Bd6 7. dxc5 Bxc5 8.
Nb3 Bb6 9. Qe2+ Nge7 10. Bg5 f6 11. Be3 O-O 12. Bxc6 bxc6 13. O-O Qd6 14. Qd2
c5 15. c3 Bb7 16. Bf4 Qd7 17. Rfe1 Rfe8 18. Rad1 Ng6 19. Bg3 Qa4 20. Nc1 d4 21.
b3 Qa6 22. Rxe8+ Rxe8 23. Re1 Rd8 24. b4 dxc3 25. Qxc3 cxb4 26. Qb3+ Bd5 27.
Qxb4 Bxa2 28. Nxa2 Qxa2 29. Qb5 Qf7 30. h3 Qd5 31. Qa4 Qf7 32. Qb4 Qd5 33. Qa4
Kf7 34. Kh2 Ne7 35. Re2 Nc6 36. Qc2 Kg8 37. Qa4 h6 38. Nh4 Nd4 39. Re1 Kh7 40.
Qd1 Qf7 41. Qb1+ Kg8 42. Ng6 Re8 43. Rxe8+ Qxe8 44. Nf4 Qf7 45. Qe4 f5 46. Qa8+
Kh7 47. Nd5 Ne2 48. Nxb6 Nxg3 49. Nc8 Ne2 50. Qxa7 Qb3 51. Qa1 Qb8+ 52. g3 Qxc8
53. Qe5 Qc2 54. g4 Qe4 55. Qc5 f4 56. f3 Qd3 57. g5 Nd4 0-1

[Event "42. Torneo Internacional de La Roda"]
[Site "La Roda ESP"]
[Date "2015.04.04"]
[Round "7.18"]
[White "Lopez Mulet, Inigo"]
[Black "Uran Bermudez, Oliver Kevin"]
[Result "1-0"]
[WhiteElo "2356"]
[BlackElo "2174"]
[PlyCount "123"]
[EventDate "2015.04.01"]
[EventType "swiss"]
[EventRounds "9"]
[EventCountry "ESP"]
[Source "lmi"]
[SourceDate "2015.04.01"]

1. d4 f5 2. Nf3 Nf6 3. g3 e6 4. Bg2 Be7 5. O-O O-O 6. c4 d6 7. b3 a5 8. Nc3 Bd7
9. Qc2 Na6 10. e4 Nb4 11. Qe2 fxe4 12. Nxe4 Nxe4 13. Qxe4 e5 14. dxe5 Bf5 15.
Qxb7 Rb8 16. Qa7 Ra8 17. Qd4 Nc2 18. Qd5+ Kh8 19. Nd4 Nxd4 20. Qxd4 dxe5 21.
Qd5 Qxd5 22. Bxd5 Ra6 23. Bb2 Bc5 24. Rad1 Bg4 25. Rd2 Bb4 26. Rc2 Bf5 27. Re2
Bd3 28. Rxe5 Bxf1 29. Kxf1 Raf6 30. Re2 Rh6 31. f4 Rd6 32. Be5 Rd7 33. Kg2 Re7
34. Rc2 Bd6 35. Bc3 Bb4 36. Be5 Bd6 37. Bd4 Rd8 38. h4 Bb4 39. f5 c6 40. f6
cxd5 41. fxe7 Bxe7 42. Bb6 Rc8 43. Re2 Bb4 44. cxd5 Kg8 45. d6 Bxd6 46. Bxa5
Kf7 47. Be1 Rc1 48. Bf2 Rc3 49. Rb2 Ba3 50. Rd2 Ke6 51. Bd4 Rc7 52. Bb2 Bb4 53.
Re2+ Kf7 54. a3 Bd6 55. Be5 Bxe5 56. Rxe5 Kf6 57. Rb5 h6 58. a4 g5 59. hxg5+
hxg5 60. Kh3 Rd7 61. a5 Rd4 62. a6 1-0

[Event "42. Torneo Internacional de La Roda"]
[Site "La Roda ESP"]
[Date "2015.04.04"]
[Round "7.19"]
[White "Lopez Carretero, Justino"]
[Black "Moya Albaladejo, Jose Antonio"]
[Result "0-1"]
[WhiteElo "1731"]
[BlackElo "1909"]
[PlyCount "92"]
[EventDate "2015.04.01"]
[EventType "swiss"]
[EventRounds "9"]
[EventCountry "ESP"]
[Source "lmi"]
[SourceDate "2015.04.01"]

1. d4 Nf6 2. Nf3 g6 3. c4 Bg7 4. Nc3 d5 5. Bg5 Ne4 6. Bf4 Nxc3 7. bxc3 O-O 8.
e3 c5 9. cxd5 cxd4 10. cxd4 Qxd5 11. Qd2 Nc6 12. Rc1 Bf5 13. Bc4 Qd7 14. O-O e5
15. d5 exf4 16. dxc6 Qxd2 17. Nxd2 bxc6 18. exf4 Bb2 19. Rce1 Rfe8 20. Nb3 Kg7
21. f3 h5 22. Rd1 Rad8 23. h3 h4 24. Na5 Bd4+ 25. Kh1 c5 26. Nc6 Rd7 27. Bb5
Re3 28. Rc1 Rb7 29. a4 Bd3 30. Bxd3 Rxd3 31. Nxd4 cxd4 32. Rfd1 Rxd1+ 33. Rxd1
Rb4 34. a5 Kf6 35. g4 Ke6 36. Kg1 Kd5 37. Re1 d3 38. Kf2 Kd4 39. Re4+ Kc3 40.
Rxb4 Kxb4 41. Ke1 Kc3 42. Kd1 d2 43. f5 g5 44. f4 gxf4 45. g5 f3 46. g6 f2 0-1

[Event "42. Torneo Internacional de La Roda"]
[Site "La Roda ESP"]
[Date "2015.04.04"]
[Round "7.20"]
[White "Ramiro Ovejero, Juan Luis"]
[Black "Rodriguez Garcia, Manuel Fco"]
[Result "1/2-1/2"]
[WhiteElo "2345"]
[BlackElo "2161"]
[PlyCount "64"]
[EventDate "2015.04.01"]
[EventType "swiss"]
[EventRounds "9"]
[EventCountry "ESP"]
[Source "lmi"]
[SourceDate "2015.04.01"]

1. e4 c5 2. Nf3 d6 3. Bb5+ Nd7 4. O-O a6 5. Bd3 Ngf6 6. c3 Qc7 7. Bc2 c4 8. Qe2
b5 9. b3 cxb3 10. axb3 Bb7 11. d4 e5 12. c4 Be7 13. Bb2 O-O 14. Nc3 Rfe8 15.
dxe5 dxe5 16. Nd5 Bxd5 17. exd5 Bd6 18. g3 a5 19. Ng5 Nc5 20. f3 Rac8 21. Ne4
Nfxe4 22. fxe4 Nb7 23. Bd3 Bc5+ 24. Kh1 Nd6 25. Qh5 Qe7 26. Rf3 g6 27. Qg4 h5
28. Qh3 Bd4 29. Bxd4 exd4 30. Raf1 Rc7 31. Qg2 Qe5 32. Rf4 Ree7 1/2-1/2

[Event "42. Torneo Internacional de La Roda"]
[Site "La Roda ESP"]
[Date "2015.04.05"]
[Round "8.1"]
[White "Arribas Lopez, Angel"]
[Black "Granda Zuniga, Julio E"]
[Result "1-0"]
[WhiteElo "2524"]
[BlackElo "2649"]
[PlyCount "57"]
[EventDate "2015.04.01"]
[EventType "swiss"]
[EventRounds "9"]
[EventCountry "ESP"]
[Source "lmi"]
[SourceDate "2015.04.01"]

1. e4 c6 2. Nc3 d5 3. Nf3 Bg4 4. h3 Bxf3 5. Qxf3 Nf6 6. d4 dxe4 7. Qe3 Qa5 8.
Bd2 Qf5 9. g4 Qf3 10. Rg1 Qxe3+ 11. fxe3 Nbd7 12. g5 Nd5 13. Nxe4 f5 14. gxf6
exf6 15. c4 Nc7 16. h4 f5 17. Ng3 g6 18. e4 Ne6 19. Bc3 c5 20. dxc5 Bxc5 21.
Bxh8 Bxg1 22. exf5 Nf4 23. O-O-O Bf2 24. Ne4 Bxh4 25. Bc3 b6 26. c5 Nxc5 27.
Nxc5 bxc5 28. Bb5+ Kf8 29. Rd7 1-0

[Event "42. Torneo Internacional de La Roda"]
[Site "La Roda ESP"]
[Date "2015.04.05"]
[Round "8.2"]
[White "Kovchan, Alexander"]
[Black "Adla, Diego"]
[Result "1/2-1/2"]
[WhiteElo "2581"]
[BlackElo "2451"]
[PlyCount "134"]
[EventDate "2015.04.01"]
[EventType "swiss"]
[EventRounds "9"]
[EventCountry "ESP"]
[Source "lmi"]
[SourceDate "2015.04.01"]

1. e4 e6 2. d4 d5 3. Nc3 Nf6 4. Bg5 Bb4 5. e5 h6 6. Bh4 g5 7. Bg3 Ne4 8. Nge2
c5 9. a3 Bxc3+ 10. Nxc3 Nxc3 11. bxc3 Qa5 12. Qd2 b6 13. h4 Rg8 14. hxg5 hxg5
15. c4 Qxd2+ 16. Kxd2 cxd4 17. cxd5 exd5 18. a4 Ba6 19. Bb5+ Bxb5 20. axb5 Nd7
21. Rh6 Ke7 22. e6 Nf6 23. exf7 Kxf7 24. f3 Rg6 25. Rxg6 Kxg6 26. Be5 Re8 27.
Bxf6 Kxf6 28. Rxa7 g4 29. Kd3 gxf3 30. gxf3 Ke5 31. Rf7 Re6 32. Rf8 Re7 33. f4+
Kd6 34. Rc8 Re3+ 35. Kxd4 Re4+ 36. Kc3 Rxf4 37. Rc6+ Kd7 38. Kb3 Rf3+ 39. Kb2
d4 40. Rxb6 Rf5 41. Kb3 Rc5 42. Rb7+ Kc8 43. Rb6 Kd7 44. Rb7+ Kc8 45. Rh7 Rxb5+
46. Kc4 Rg5 47. Kxd4 Rg4+ 48. Kc5 Rg5+ 49. Kb4 Rg4+ 50. c4 Rg5 51. c5 Rg6 52.
Kb5 Rf6 53. Re7 Rh6 54. Kc4 Kd8 55. Rg7 Rf6 56. Kd5 Rh6 57. c6 Rh1 58. Kd6 Rd1+
59. Kc5 Rc1+ 60. Kb5 Rb1+ 61. Ka6 Kc8 62. Rb7 Ra1+ 63. Kb6 Rb1+ 64. Ka6 Ra1+
65. Kb6 Rb1+ 66. Ka6 Ra1+ 67. Kb6 Rb1+ 1/2-1/2

[Event "42. Torneo Internacional de La Roda"]
[Site "La Roda ESP"]
[Date "2015.04.05"]
[Round "8.3"]
[White "Valmana Canto, Jaime"]
[Black "Forcen Esteban, Daniel"]
[Result "0-1"]
[WhiteElo "2425"]
[BlackElo "2519"]
[PlyCount "136"]
[EventDate "2015.04.01"]
[EventType "swiss"]
[EventRounds "9"]
[EventCountry "ESP"]
[Source "lmi"]
[SourceDate "2015.04.01"]

1. d4 Nf6 2. Bg5 c5 3. d5 Ne4 4. Bc1 g6 5. g3 e6 6. Bg2 Nf6 7. Nc3 exd5 8. Nxd5
Nxd5 9. Qxd5 Nc6 10. Bg5 Be7 11. Bxe7 Qxe7 12. O-O-O O-O 13. e4 Nb4 14. Qd6
Nxa2+ 15. Kb1 Qxd6 16. Rxd6 Nb4 17. e5 a5 18. c3 Nc6 19. f4 Ne7 20. Be4 Ra6 21.
Rxa6 bxa6 22. Nf3 f6 23. Rd1 Kf7 24. Rd6 fxe5 25. Nxe5+ Ke8 26. Ka2 Kd8 27. Ka3
Kc7 28. Nc4 Re8 29. h4 Ng8 30. Bd3 Re1 31. h5 Ne7 32. hxg6 hxg6 33. Rf6 d5 34.
Nd2 Ra1+ 35. Kb3 c4+ 36. Nxc4 dxc4+ 37. Bxc4 Bf5 38. Rxa6 Nc6 39. Bd5 Nb8 40.
Rf6 Nd7 41. Rf7 Kd6 42. c4 Nc5+ 43. Kc3 Rc1+ 44. Kd2 Rc2+ 45. Ke3 Nd7 46. Be4
Bxe4 47. Kxe4 Rxb2 48. Rg7 Re2+ 49. Kd4 Re6 50. g4 Nc5 51. Kc3 Rf6 52. g5 Re6
53. Kc2 Kc6 54. Rg8 Nb7 55. Kd3 Nc5+ 56. Kc2 Rd6 57. Rc8+ Kb6 58. Rb8+ Kc7 59.
Rb5 Kc6 60. Rxa5 Rd4 61. Ra8 Rxc4+ 62. Kb1 Ne6 63. Ra6+ Kd5 64. Ra5+ Rc5 65.
Ra4 Rc6 66. Ka2 Rb6 67. Ra8 Ke4 68. Ra4+ Kf5 0-1

[Event "42. Torneo Internacional de La Roda"]
[Site "La Roda ESP"]
[Date "2015.04.05"]
[Round "8.4"]
[White "Smirnov, Artem"]
[Black "Peralta, Fernando"]
[Result "0-1"]
[WhiteElo "2456"]
[BlackElo "2569"]
[PlyCount "72"]
[EventDate "2015.04.01"]
[EventType "swiss"]
[EventRounds "9"]
[EventCountry "ESP"]
[Source "lmi"]
[SourceDate "2015.04.01"]

1. d4 e6 2. c4 Nf6 3. Nc3 Bb4 4. Nf3 d5 5. cxd5 exd5 6. Bg5 Nbd7 7. Qc2 c5 8.
g3 cxd4 9. Nxd4 Qb6 10. Rd1 Ne4 11. Be3 O-O 12. Bg2 Ndf6 13. O-O Bxc3 14. bxc3
Bd7 15. Nb3 Qc6 16. c4 Rac8 17. f3 Nd6 18. c5 Rfe8 19. Bf2 b6 20. e4 dxe4 21.
fxe4 Ndxe4 22. Bd4 Qc7 23. c6 Bxc6 24. Rc1 Qb7 25. Qb2 Bd5 26. Rxc8 Rxc8 27.
Re1 Qc6 28. Rc1 Qd7 29. Rd1 Qg4 30. Re1 h5 31. Be5 Ng5 32. Bxf6 Nf3+ 33. Kh1
Nxe1 34. Bxd5 Qf5 35. Bg2 Nxg2 36. Qxg2 Qb1+ 0-1

[Event "42. Torneo Internacional de La Roda"]
[Site "La Roda ESP"]
[Date "2015.04.05"]
[Round "8.5"]
[White "Perez Candelario, Manuel"]
[Black "Martin Duque, Jesus"]
[Result "1-0"]
[WhiteElo "2566"]
[BlackElo "2377"]
[PlyCount "50"]
[EventDate "2015.04.01"]
[EventType "swiss"]
[EventRounds "9"]
[EventCountry "ESP"]
[Source "lmi"]
[SourceDate "2015.04.01"]

1. e4 e6 2. d4 d5 3. Nd2 dxe4 4. Nxe4 Bd7 5. Nf3 Bc6 6. Bd3 Nd7 7. Qe2 Ngf6 8.
Neg5 h6 9. Nxe6 fxe6 10. Bg6+ Ke7 11. O-O Bxf3 12. Qxf3 Nb6 13. Qxb7 Kd7 14. b3
Qb8 15. Qf3 Bd6 16. c4 c6 17. Qh3 Bc7 18. Re1 Kc8 19. Rxe6 Kb7 20. Ba3 Rd8 21.
d5 Nfxd5 22. cxd5 Nxd5 23. Be4 Bd6 24. Bxd5 cxd5 25. Qd3 Bc7 1-0

[Event "42. Torneo Internacional de La Roda"]
[Site "La Roda ESP"]
[Date "2015.04.05"]
[Round "8.6"]
[White "Strikovic, Aleksa"]
[Black "Paunovic, Dragan"]
[Result "1/2-1/2"]
[WhiteElo "2522"]
[BlackElo "2442"]
[PlyCount "22"]
[EventDate "2015.04.01"]
[EventType "swiss"]
[EventRounds "9"]
[EventCountry "ESP"]
[Source "lmi"]
[SourceDate "2015.04.01"]

1. c4 e5 2. g3 Nf6 3. Bg2 d5 4. cxd5 Nxd5 5. Nc3 Nb6 6. Nf3 Nc6 7. O-O Be7 8.
d3 O-O 9. a3 a5 10. b3 Re8 11. Bb2 Bd6 1/2-1/2

[Event "42. Torneo Internacional de La Roda"]
[Site "La Roda ESP"]
[Date "2015.04.05"]
[Round "8.7"]
[White "Granero Roca, Antonio"]
[Black "Moreno Ruiz, Javier"]
[Result "1/2-1/2"]
[WhiteElo "2413"]
[BlackElo "2461"]
[PlyCount "101"]
[EventDate "2015.04.01"]
[EventType "swiss"]
[EventRounds "9"]
[EventCountry "ESP"]
[Source "lmi"]
[SourceDate "2015.04.01"]

1. d4 Nf6 2. c4 e6 3. Nf3 Bb4+ 4. Bd2 a5 5. g3 b6 6. Bg2 Bb7 7. O-O O-O 8. Bg5
Be7 9. Nc3 h6 10. Bxf6 Bxf6 11. Rc1 d6 12. e3 Nd7 13. Qa4 Qc8 14. Rfd1 Re8 15.
Qc2 Be7 16. a3 Nf6 17. d5 e5 18. Nh4 Bf8 19. b4 Qd8 20. Nf3 Bc8 21. Nd2 Bg4 22.
Re1 h5 23. h3 Bd7 24. Kh2 Nh7 25. Nb3 axb4 26. axb4 f5 27. Ra1 Rxa1 28. Rxa1 h4
29. Ra7 hxg3+ 30. fxg3 f4 31. Qf2 fxg3+ 32. Qxg3 Be7 33. Ne4 Bh4 34. Qg6 Rf8
35. Nbd2 Bf5 36. Qh5 g6 37. Qh6 Be7 38. c5 bxc5 39. bxc5 Rf7 40. Ng3 Bg5 41.
Nxf5 Bxh6 42. Nxh6+ Kg7 43. Nxf7 Kxf7 44. Ne4 Kg8 45. cxd6 cxd6 46. Ra6 Qh4 47.
Nxd6 Nf6 48. Ra8+ Kh7 49. Ra7+ Kg8 50. Ra8+ Kh7 51. Ra7+ 1/2-1/2

[Event "42. Torneo Internacional de La Roda"]
[Site "La Roda ESP"]
[Date "2015.04.05"]
[Round "8.8"]
[White "Torres Sanchez, Jose"]
[Black "Starostits, Ilmars"]
[Result "0-1"]
[WhiteElo "2262"]
[BlackElo "2460"]
[PlyCount "64"]
[EventDate "2015.04.01"]
[EventType "swiss"]
[EventRounds "9"]
[EventCountry "ESP"]
[Source "lmi"]
[SourceDate "2015.04.01"]

1. e4 c6 2. d4 d5 3. exd5 cxd5 4. Bd3 Nc6 5. c3 Qc7 6. Ne2 Bg4 7. O-O e6 8. Qe1
Bd6 9. f3 Bh5 10. Qh4 Nf6 11. Bg5 Bg6 12. Bxg6 fxg6 13. Bxf6 gxf6 14. Qxf6 Kd7
15. Nd2 Bxh2+ 16. Kh1 Raf8 17. Qg7+ Kc8 18. Qxc7+ Bxc7 19. Rae1 Rf6 20. g3 e5
21. dxe5 Nxe5 22. Nf4 Rd8 23. Kg2 g5 24. Nh5 Ra6 25. a3 Nd3 26. Re7 Nxb2 27.
Rxh7 Rxa3 28. f4 gxf4 29. gxf4 Rxc3 30. f5 Rc2 31. Rf2 Nd3 32. Re2 Nf4+ 0-1

[Event "42. Torneo Internacional de La Roda"]
[Site "La Roda ESP"]
[Date "2015.04.05"]
[Round "8.9"]
[White "Cifuentes Parada, Roberto"]
[Black "Plazuelo Pascual, Juan"]
[Result "1-0"]
[WhiteElo "2461"]
[BlackElo "2323"]
[PlyCount "57"]
[EventDate "2015.04.01"]
[EventType "swiss"]
[EventRounds "9"]
[EventCountry "ESP"]
[Source "lmi"]
[SourceDate "2015.04.01"]

1. d4 Nf6 2. Nf3 e6 3. e3 Be7 4. c4 d5 5. Nc3 O-O 6. Bd3 b6 7. O-O Bb7 8. Qe2
Nbd7 9. b3 Ne4 10. Bb2 c5 11. cxd5 Nxc3 12. Bxc3 Bxd5 13. Rfd1 Qc7 14. Rac1
Rac8 15. e4 Bb7 16. d5 exd5 17. exd5 Qd6 18. Ne5 Rce8 19. Bb5 Bc8 20. f4 Bf6
21. Qe4 a6 22. Bc6 Re7 23. Nc4 Rxe4 24. Nxd6 Re3 25. Nxc8 Bxc3 26. Bxd7 Bd4 27.
Kf1 Rd8 28. Nxb6 Re4 29. g3 1-0

[Event "42. Torneo Internacional de La Roda"]
[Site "La Roda ESP"]
[Date "2015.04.05"]
[Round "8.10"]
[White "Campora, Daniel H"]
[Black "Gomez Jurado, Luis Alberto"]
[Result "1/2-1/2"]
[WhiteElo "2450"]
[BlackElo "2321"]
[PlyCount "49"]
[EventDate "2015.04.01"]
[EventType "swiss"]
[EventRounds "9"]
[EventCountry "ESP"]
[Source "lmi"]
[SourceDate "2015.04.01"]

1. e4 c6 2. d4 d5 3. Nc3 dxe4 4. Nxe4 Bf5 5. Ng3 Bg6 6. Bc4 e6 7. N1e2 Bd6 8.
Nf4 Bxf4 9. Bxf4 Nf6 10. O-O O-O 11. c3 a5 12. Re1 a4 13. a3 Nd5 14. Bxb8 Qxb8
15. Bxd5 cxd5 16. Qd2 Ra6 17. Rac1 Qe8 18. f3 Qb5 19. Red1 Qb3 20. Qe1 Rb6 21.
Rd2 h6 22. h4 Rc8 23. h5 Bh7 24. Nf1 Qb5 25. Ne3 1/2-1/2

[Event "42. Torneo Internacional de La Roda"]
[Site "La Roda ESP"]
[Date "2015.04.05"]
[Round "8.11"]
[White "Maier, Christian"]
[Black "Fernandez Lledo, Javier"]
[Result "1-0"]
[WhiteElo "2380"]
[BlackElo "2289"]
[PlyCount "51"]
[EventDate "2015.04.01"]
[EventType "swiss"]
[EventRounds "9"]
[EventCountry "ESP"]
[Source "lmi"]
[SourceDate "2015.04.01"]

1. e4 d6 2. Bc4 Nf6 3. d3 Nc6 4. Nf3 Na5 5. Bb5+ c6 6. Ba4 b5 7. Bb3 Nxb3 8.
axb3 a5 9. O-O Bb7 10. Re1 e5 11. d4 Qc7 12. c4 b4 13. c5 Nd7 14. cxd6 Bxd6 15.
Nbd2 c5 16. d5 Nb6 17. Nf1 O-O 18. Ng3 Bc8 19. Nh4 g6 20. Bh6 Re8 21. Qf3 Bf8
22. Qe3 Bxh6 23. Qxh6 Qe7 24. Rac1 Ra6 25. d6 Qxd6 26. Nh5 1-0

[Event "42. Torneo Internacional de La Roda"]
[Site "La Roda ESP"]
[Date "2015.04.05"]
[Round "8.12"]
[White "Mingarro Carceller, Sergi"]
[Black "Suarez Gomez, Julio"]
[Result "0-1"]
[WhiteElo "2264"]
[BlackElo "2358"]
[PlyCount "90"]
[EventDate "2015.04.01"]
[EventType "swiss"]
[EventRounds "9"]
[EventCountry "ESP"]
[Source "lmi"]
[SourceDate "2015.04.01"]

1. e4 e6 2. d4 d5 3. Nc3 Bb4 4. e5 b6 5. a3 Bf8 6. Nf3 Ba6 7. Bxa6 Nxa6 8. O-O
Qd7 9. Qd3 Nb8 10. Ne2 Ne7 11. b3 a5 12. a4 Na6 13. Bd2 c5 14. Rfd1 Nc6 15. c4
Be7 16. cxd5 Qxd5 17. Nf4 Qd7 18. d5 exd5 19. Nxd5 Nc7 20. Nxc7+ Qxc7 21. Bf4
O-O 22. Qf5 Qc8 23. Qxc8 Raxc8 24. Kf1 Rfd8 25. Ke2 g5 26. Bxg5 Bxg5 27. Nxg5
Nd4+ 28. Kf1 Nxb3 29. Rxd8+ Rxd8 30. Ra3 c4 31. Ne4 Rd1+ 32. Ke2 Rd3 33. Ke1 c3
34. Rxb3 c2 35. Rxd3 c1=Q+ 36. Ke2 Qb2+ 37. Ke3 Qxe5 38. f4 Qb2 39. f5 Qxg2 40.
f6 h6 41. Rd8+ Kh7 42. Rf8 Qa2 43. Kf4 Qxh2+ 44. Kf5 Qh3+ 45. Kf4 Qd7 0-1

[Event "42. Torneo Internacional de La Roda"]
[Site "La Roda ESP"]
[Date "2015.04.05"]
[Round "8.13"]
[White "Lopez Mulet, Inigo"]
[Black "Arias Igual, Alejandro"]
[Result "0-1"]
[WhiteElo "2356"]
[BlackElo "2274"]
[PlyCount "106"]
[EventDate "2015.04.01"]
[EventType "swiss"]
[EventRounds "9"]
[EventCountry "ESP"]
[Source "lmi"]
[SourceDate "2015.04.01"]

1. d4 d5 2. c4 e6 3. g3 Nf6 4. Bg2 Be7 5. Nf3 O-O 6. O-O c5 7. cxd5 exd5 8.
dxc5 Bxc5 9. Nc3 Nc6 10. a3 Ne4 11. Qc2 Nxc3 12. Qxc3 Be7 13. Rd1 Bf6 14. Qc5
Be6 15. Bd2 d4 16. Bg5 Rc8 17. b4 d3 18. exd3 Bg4 19. Bxf6 Qxf6 20. Qd5 Rcd8
21. Qe4 h5 22. Qf4 Qxf4 23. gxf4 Nd4 24. Nxd4 Bxd1 25. Rxd1 Rxd4 26. Bxb7 Rfd8
27. Ba6 R8d6 28. Bb7 Rxd3 29. Ra1 Rd1+ 30. Rxd1 Rxd1+ 31. Kg2 Ra1 32. b5 Rxa3
33. f3 Rb3 34. Bc6 g6 35. Kg3 Kg7 36. h3 Rb2 37. Be8 Kf6 38. Bd7 Rb4 39. Bc6
Rc4 40. Bb7 Rc5 41. Ba6 Ke7 42. Kh4 Kd6 43. Kg3 Kc7 44. Kh4 Kb6 45. Kg3 Rxb5
46. Bxb5 Kxb5 47. Kh4 a5 48. Kg5 a4 49. Kf6 a3 50. Kxf7 a2 51. Kxg6 a1=Q 52. f5
Qh8 53. Kf7 Kc6 0-1

[Event "42. Torneo Internacional de La Roda"]
[Site "La Roda ESP"]
[Date "2015.04.05"]
[Round "8.14"]
[White "Garcia Ramos, Marcos"]
[Black "Cabezas Ayala, Ivan"]
[Result "0-1"]
[WhiteElo "2175"]
[BlackElo "2342"]
[PlyCount "132"]
[EventDate "2015.04.01"]
[EventType "swiss"]
[EventRounds "9"]
[EventCountry "ESP"]
[Source "lmi"]
[SourceDate "2015.04.01"]

1. e4 e5 2. Nf3 Nc6 3. Bb5 Nf6 4. O-O Nxe4 5. d4 Nd6 6. dxe5 Nxb5 7. a4 d6 8.
e6 fxe6 9. axb5 Nb4 10. Re1 Be7 11. Nc3 O-O 12. Ra4 c5 13. bxc6 Nxc6 14. Bf4
Rf5 15. Bg3 Qf8 16. Rae4 Kh8 17. R4e2 e5 18. Nd5 Bd8 19. Re3 Be6 20. Rd3 Rf7
21. Nd2 Ne7 22. Nc3 Nf5 23. Nde4 Nxg3 24. hxg3 Bb6 25. Rxd6 Bc4 26. Rd2 Bd4 27.
Rxd4 exd4 28. Qxd4 Rc7 29. Ng5 Bg8 30. Nf3 Qf5 31. Re2 a6 32. Ne5 Rac8 33. f4
Qf8 34. Qe4 Rd8 35. g4 Qc5+ 36. Kh2 Rd4 37. Qf3 Qb6 38. g5 Rd8 39. Qh5 Rf8 40.
Qh4 Re8 41. f5 Rxe5 42. Rxe5 Qxb2 43. Re8 Qb6 44. Ne2 Rc5 45. g6 h6 46. Qd8
Qxd8 47. Rxd8 Rxf5 48. Ng3 Rf6 49. Rb8 b6 50. Nh5 Rxg6 51. Nf4 Rd6 52. Nd3 Kh7
53. g4 Rc6 54. Nb4 Rc4 55. Nxa6 Rxc2+ 56. Kg3 Rb2 57. Nc7 Bf7 58. Na8 Rb3+ 59.
Kf2 b5 60. Nc7 b4 61. Na6 Rb2+ 62. Kg3 b3 63. Rb7 Bc4 64. Nc5 Rc2 65. Kf4 Bd5
66. Rb5 Bc6 0-1

[Event "42. Torneo Internacional de La Roda"]
[Site "La Roda ESP"]
[Date "2015.04.05"]
[Round "8.15"]
[White "Suba, Mihai"]
[Black "Domingo Nunez, Ruben"]
[Result "1-0"]
[WhiteElo "2332"]
[BlackElo "2086"]
[PlyCount "61"]
[EventDate "2015.04.01"]
[EventType "swiss"]
[EventRounds "9"]
[EventCountry "ESP"]
[Source "lmi"]
[SourceDate "2015.04.01"]

1. c4 Nf6 2. Nc3 g6 3. e4 d6 4. d4 Bg7 5. h3 O-O 6. Bg5 Qe8 7. Nge2 e5 8. d5 a5
9. g4 Kh8 10. Ng3 Ng8 11. Qd2 f5 12. gxf5 gxf5 13. exf5 Bxf5 14. O-O-O Na6 15.
Nce4 Bxe4 16. Nxe4 Qg6 17. Bd3 Rf3 18. Be3 Nb4 19. Rdg1 Qf5 20. Rg5 Rxh3 21.
Rhg1 Qd7 22. Bf1 Rh4 23. Rxg7 Qa4 24. Nc3 Nxa2+ 25. Kb1 Nxc3+ 26. Qxc3 Qd1+ 27.
Qc1 Qf3 28. Rxc7 Nf6 29. Rf7 a4 30. Qc2 a3 31. bxa3 1-0

[Event "42. Torneo Internacional de La Roda"]
[Site "La Roda ESP"]
[Date "2015.04.05"]
[Round "8.16"]
[White "Alshameary Puente, Ismael"]
[Black "Perez Garcia, Alejandro"]
[Result "1-0"]
[WhiteElo "2251"]
[BlackElo "2332"]
[PlyCount "61"]
[EventDate "2015.04.01"]
[EventType "swiss"]
[EventRounds "9"]
[EventCountry "ESP"]
[Source "lmi"]
[SourceDate "2015.04.01"]

1. d4 d5 2. c4 c6 3. Nf3 Nf6 4. Nc3 dxc4 5. e4 b5 6. e5 Nd5 7. a4 e6 8. axb5
Nxc3 9. bxc3 cxb5 10. Rb1 Qd7 11. Ng5 Bb7 12. Qh5 g6 13. Qg4 h5 14. Qf4 a6 15.
Be2 Ra7 16. Bf3 Bxf3 17. gxf3 Qd5 18. Ke2 Nc6 19. Ne4 Be7 20. Ba3 b4 21. Bxb4
Nxb4 22. Rxb4 Rb7 23. Rhb1 Rxb4 24. Rxb4 g5 25. Rb8+ Kd7 26. Qxf7 Qxe4+ 27.
fxe4 Rxb8 28. d5 exd5 29. exd5 Rb5 30. Qe6+ Kd8 31. Qxa6 1-0

[Event "42. Torneo Internacional de La Roda"]
[Site "La Roda ESP"]
[Date "2015.04.05"]
[Round "8.17"]
[White "Tejedor Fuente, Enrique"]
[Black "Palacios Llorente, Javier"]
[Result "1-0"]
[WhiteElo "2328"]
[BlackElo "1816"]
[PlyCount "54"]
[EventDate "2015.04.01"]
[EventType "swiss"]
[EventRounds "9"]
[EventCountry "ESP"]
[Source "lmi"]
[SourceDate "2015.04.01"]

1. e4 c5 2. g3 Nc6 3. Bg2 d6 4. d3 Nf6 5. Ne2 e5 6. O-O h5 7. h3 Be6 8. f4 Qb6
9. c4 Be7 10. Nbc3 O-O-O 11. Be3 Nd4 12. Nxd4 exd4 13. Na4 Qc7 14. Bd2 Rdg8 15.
b4 Ne8 16. bxc5 dxc5 17. Rb1 b6 18. e5 Bd7 19. f5 Bc6 20. Bd5 g5 21. Re1 Rh7
22. Nb2 Rgg7 23. Qf3 Bxd5 24. cxd5 Bf8 25. d6 Nxd6 26. exd6 Bxd6 27. Qa8+ Kd7
1-0

[Event "42. Torneo Internacional de La Roda"]
[Site "La Roda ESP"]
[Date "2015.04.05"]
[Round "8.18"]
[White "Domingo Nunez, Alejandro"]
[Black "Pilgaard, Kim"]
[Result "0-1"]
[WhiteElo "2185"]
[BlackElo "2386"]
[PlyCount "128"]
[EventDate "2015.04.01"]
[EventType "swiss"]
[EventRounds "9"]
[EventCountry "ESP"]
[Source "lmi"]
[SourceDate "2015.04.01"]

1. e4 e5 2. Nf3 Nc6 3. Bc4 Bc5 4. c3 Nf6 5. d3 a6 6. O-O Ba7 7. Re1 d6 8. Bb3
O-O 9. h3 h6 10. Nbd2 Re8 11. Nf1 Be6 12. Ng3 d5 13. Qe2 Qd7 14. Bc2 dxe4 15.
dxe4 Rad8 16. Kh2 Qd6 17. Nh4 Ne7 18. Qf3 Qd7 19. Kg1 Kh7 20. Rd1 Qc8 21. Re1
c6 22. Nh5 Neg8 23. Nxf6+ Nxf6 24. Qg3 Qc7 25. Nf5 Bxf5 26. exf5 Bb8 27. Qh4 e4
28. g3 Ba7 29. Kg2 Qe5 30. Qf4 Qxf4 31. gxf4 Kg8 32. Kg3 Rd5 33. Re2 Red8 34.
Bxe4 Nxe4+ 35. Rxe4 Rd1 36. Kg2 Kf8 37. b3 Bc5 38. Re2 R8d5 39. f6 gxf6 40. Bb2
R5d2 41. Rxd2 Rxd2 42. Rb1 Rxf2+ 43. Kg3 Rd2 44. Kg4 Bd6 45. Kf3 f5 46. c4 Rd3+
47. Kg2 Bxf4 48. Rf1 Rg3+ 49. Kh2 Rxb3+ 50. Rxf4 Rxb2+ 51. Kg3 Rxa2 52. Rxf5
Ra3+ 53. Kg4 Ra4 54. Kh5 Rxc4 55. Rf3 Kg7 56. Rg3+ Kh7 57. Rf3 Rc5+ 58. Kh4 Kg7
59. Rg3+ Kf8 60. Rd3 a5 61. Rd8+ Kg7 62. Ra8 b5 63. Rxa5 Rc4+ 64. Kg3 Ra4 0-1

[Event "42. Torneo Internacional de La Roda"]
[Site "La Roda ESP"]
[Date "2015.04.05"]
[Round "8.19"]
[White "Moya Albaladejo, Jose Antonio"]
[Black "Garcia Gata, Jorge D"]
[Result "0-1"]
[WhiteElo "1909"]
[BlackElo "2059"]
[PlyCount "48"]
[EventDate "2015.04.01"]
[EventType "swiss"]
[EventRounds "9"]
[EventCountry "ESP"]
[Source "lmi"]
[SourceDate "2015.04.01"]

1. e4 c5 2. Nf3 Nc6 3. Bb5 e6 4. O-O Nge7 5. c3 a6 6. Ba4 b5 7. Bc2 d5 8. e5 d4
9. Be4 d3 10. Ng5 Nd5 11. f4 Bb7 12. Bxd3 Be7 13. Nh3 Qd7 14. Be4 O-O-O 15. d3
f5 16. Bf3 g5 17. Nxg5 Bxg5 18. fxg5 Nxe5 19. Be2 h6 20. d4 hxg5 21. dxe5 Qh7
22. h3 Nf4 23. Qe1 Nxh3+ 24. gxh3 Qxh3 0-1